00614cam a2200181Ia 45000010006000000050017000060080041000230350023000640400018000870200022001050200025001270350020001521000035001722450053002072600075002603000033003354400064003685031720230411090002.0010424s2000 dr a 000 p spa d a(OCoLC)ocm46801987 aNYPcNYPdGZM a9993430102 (pbk.) a9789993430100 (pbk.) a(OCoLC)468019871 aPiantini Munnigh, Luis Manuel.10aLuz encarcelada /cLuis Manuel Piantini Munnigh. a[Santo Domingo] :bBanco Central de la República Dominicana,cc2000. a92 p. :bcol. ill. ;c23 cm. 0aColecciâon del Banco Central de la República Dominicana